[Event "Open NK"]
[Site "Dieren NED"]
[Date "2011.07.25"]
[Round "6"]
[White "Cox, Jan"]
[Black "Jonker, Fred"]
[Result "0-1"]
[WhiteElo "1962"]
[BlackElo "2154"]
[WhiteFideId "1031384"]
[BlackFideId "1005260"]
[EventDate "2011.07.19"]

1. e4 e5 2. Nf3 Nc6 3. Bb5 a6 4. Ba4 Nf6 5. O-O Be7 6. Re1 b5 7. Bb3 d6 8. h3
O-O 9. c3 Na5 10. Bc2 c5 11. d4 Nd7 12. Nbd2 cxd4 13. cxd4 Nc6 14. d5 Nb4 15.
Bb1 a5 16. a3 Na6 17. b4 axb4 18. axb4 Nb6 19. Qb3 Bb7 20. Bd3 Qd7 21. Nf1 Rfc8
22. Ne3 g6 23. Bd2 Nc7 24. Rec1 Kg7 25. Bc3 h6 26. Ng4 f6 27. Ne3 Na4 28. Bd2
Nb6 29. Kh2 h5 30. Qd1 Rxa1 31. Rxa1 Ra8 32. Rxa8 Bxa8 33. Nh4 Bf8 34. Be2 Kh7
35. g4 g5 36. Nf3 h4 37. Nf5 Kg6 38. Qc1 Be7 39. Kg2 Bd8 40. Bc3 Na4 41. N3xh4+
Kf7 42. Be1 Nxd5 43. Bxb5 Qe6 44. Bxa4 Nf4+ 45. Kh2 gxh4 46. Qc8 Qxc8 47. Nxd6+
Ke6 48. Nxc8 Bxe4 49. Bd2 Ne2 50. Be3 Bc7 51. Na7 Bf3 52. Nb5 Bb8 53. Ba7 Bxa7
54. Nxa7 Nd4 55. Nb5 Kd5 56. Nxd4 exd4 57. Bc2 Kc4 58. b5 d3 59. Bxd3+ Kxd3 60.
b6 Ke2 61. Kg1 Kd3 62. Kh2 Kd4 63. Kg1 Kc5 64. b7 Bxb7 65. f4 Kd4 66. f5 Ke4 67.
Kg2 Kf4+ 68. Kf2 Bd5 0-1

[Event "Open NK"]
[Site "Dieren NED"]
[Date "2011.07.26"]
[Round "7"]
[White "L'Ami, Erwin"]
[Black "Vovk, Yuri"]
[Result "1/2-1/2"]
[WhiteTitle "GM"]
[BlackTitle "GM"]
[WhiteElo "2611"]
[BlackElo "2564"]
[WhiteFideId "1007998"]
[BlackFideId "14113171"]
[EventDate "2011.07.19"]

1. d4 Nf6 2. c4 g6 3. Nc3 Bg7 4. Nf3 O-O 5. g3 d6 6. Bg2 c6 7. O-O Qa5 8. e4 e5
9. h3 Nbd7 10. Re1 exd4 11. Nxd4 Re8 12. Be3 Ne5 13. Bf1 c5 14. Nf3 Nxf3+ 15.
Qxf3 Nd7 16. Bd2 Ne5 17. Qd1 Be6 18. b3 Nxc4 19. bxc4 Bxc3 20. Bxc3 Qxc3 21.
Qxd6 b6 22. Rad1 Qa5 23. Qd2 Qa4 24. Qc3 Rad8 25. Qb3 Qa5 26. f4 Rd4 27. Qb5
Qxb5 28. cxb5 Red8 29. Rxd4 Rxd4 30. a3 Bb3 31. Kf2 Ra4 32. Re3 Rxa3 33. Be2 Kf8
34. g4 Ke7 35. e5 c4 36. Bxc4 Ra2+ 37. Be2 Bd1 38. Kf3 Bxe2+ 39. Rxe2 Ra5 40.
Rc2 Rxb5 41. Rc7+ Ke6 42. Rxa7 Rb3+ 43. Ke4 Rb4+ 44. Kf3 h5 1/2-1/2

[Event "Open NK"]
[Site "Dieren NED"]
[Date "2011.07.26"]
[Round "7"]
[White "Lenderman, Aleksandr"]
[Black "Turov, Maxim"]
[Result "0-1"]
[WhiteTitle "GM"]
[BlackTitle "GM"]
[WhiteElo "2525"]
[BlackElo "2630"]
[WhiteFideId "2021285"]
[BlackFideId "4120086"]
[EventDate "2011.07.19"]

1. d4 Nf6 2. c4 e6 3. g3 Bb4+ 4. Bd2 Bxd2+ 5. Qxd2 d5 6. Bg2 O-O 7. Nf3 Nbd7 8.
Qc2 c5 9. cxd5 Nxd5 10. O-O b6 11. e4 Nb4 12. Qd2 Bb7 13. a3 Nc6 14. b4 Nxd4 15.
Nxd4 cxd4 16. Qxd4 Nf6 17. Qe3 Rc8 18. Ra2 Qc7 19. Rd2 Rfd8 20. f3 Rxd2 21. Nxd2
Qc2 22. Rf2 Qc3 23. Re2 Ba6 24. Re1 Qxe3+ 25. Rxe3 Rc2 26. Bf1 Bxf1 27. Nxf1 g5
28. Rd3 Kf8 29. Rd8+ Kg7 30. Rd3 h5 31. h4 gxh4 32. gxh4 Ra2 33. Ne3 Nh7 34. f4
Nf6 35. e5 Ng4 36. f5 Nxe5 37. fxe6 fxe6 38. Rc3 Kf6 39. Ng2 Kf5 40. Kf1 Ng4 41.
Ne1 e5 0-1

[Event "Open NK"]
[Site "Dieren NED"]
[Date "2011.07.26"]
[Round "7"]
[White "Radulski, Julian"]
[Black "Fier, Alexandr"]
[Result "0-1"]
[WhiteTitle "GM"]
[BlackTitle "GM"]
[WhiteElo "2556"]
[BlackElo "2566"]
[WhiteFideId "2901595"]
[BlackFideId "2107139"]
[EventDate "2011.07.19"]

1. e4 c5 2. Nc3 e6 3. g3 Nc6 4. Bg2 g6 5. h4 h5 6. Nf3 e5 7. Nd5 d6 8. O-O Bg4
9. c3 Bg7 10. Qb3 Qd7 11. Ng5 f6 12. f3 fxg5 13. fxg4 gxh4 14. gxh4 hxg4 15. d3
Rc8 16. Bg5 Nd8 17. Rf2 Ne6 18. Raf1 c4 19. dxc4 Qc6 20. Nb4 Qd7 21. Rf7 Qxf7
22. Rxf7 Kxf7 23. Nd5 Nc5 24. Qd1 Nf6 25. Bxf6 Bxf6 26. Qxg4 Bxh4 27. Bh3 Rce8
28. Qf3+ Kg7 29. b4 Ref8 30. Qe2 Bg3 31. Bf5 gxf5 32. exf5 Bh2+ 33. Kg2 Kf7 34.
bxc5 Rfg8+ 35. Kf1 Bg3 36. Qf3 Rh2 37. cxd6 Rf2+ 38. Qxf2 Bxf2 39. Kxf2 b6 40.
Ke3 Rd8 41. Ke4 Rxd6 42. Kxe5 Rc6 43. Kd4 Rc5 44. Kd3 Ra5 45. Kd4 Rxa2 46. c5
Rd2+ 47. Ke5 bxc5 48. c4 Rc2 49. Nc7 Rxc4 50. Nb5 Rb4 51. Nxa7 c4 52. Nc6 Rb6
53. Nd4 c3 0-1

[Event "Open NK"]
[Site "Dieren NED"]
[Date "2011.07.26"]
[Round "7"]
[White "Georgiev, Vladimir"]
[Black "Milov, Leonid"]
[Result "1-0"]
[WhiteTitle "GM"]
[BlackTitle "IM"]
[WhiteElo "2559"]
[BlackElo "2515"]
[WhiteFideId "2903024"]
[BlackFideId "14101068"]
[EventDate "2011.07.19"]

1. d4 d5 2. c4 c6 3. Nc3 dxc4 4. e3 b5 5. a4 b4 6. Ne4 Qd5 7. Ng3 Nf6 8. Be2 e5
9. Nf3 exd4 10. exd4 Bd6 11. Nf1 c3 12. Ne3 Qe6 13. bxc3 bxc3 14. O-O O-O 15.
Ba3 Na6 16. Bc4 Qe7 17. Qc1 Nb4 18. Re1 Qc7 19. a5 Rb8 20. Qxc3 Ne4 21. Qc1 Qxa5
22. d5 Qb6 23. dxc6 Nxc6 24. Bd5 Nc5 25. Nc4 Nd3 26. Nxb6 Nxc1 27. Bxd6 1-0

[Event "Open NK"]
[Site "Dieren NED"]
[Date "2011.07.26"]
[Round "7"]
[White "Brandenburg, Daan"]
[Black "Neverov, Valeriy"]
[Result "1/2-1/2"]
[WhiteTitle "GM"]
[BlackTitle "GM"]
[WhiteElo "2538"]
[BlackElo "2500"]
[WhiteFideId "1011014"]
[BlackFideId "14100150"]
[EventDate "2011.07.19"]

1. e4 e5 2. Nf3 Nc6 3. Nc3 Nf6 4. a3 g6 5. Nxe5 Nxe5 6. d4 Nc6 7. d5 Bg7 8. dxc6
bxc6 9. Bd3 d6 10. h3 O-O 11. O-O Re8 12. Be3 Bb7 13. Qd2 c5 14. Bg5 Qb8 15.
Rfe1 Bc6 16. Rab1 a5 17. Qf4 Nd7 18. Bc4 Ne5 19. Ba2 Qa7 20. Bh6 c4 21. Bxg7
Kxg7 22. Qe3 Qxe3 23. Rxe3 g5 24. Rg3 Kf6 25. b3 Nd7 26. b4 axb4 27. Rxb4 Ne5
28. Bxc4 Rxa3 29. Bd5 Ra1+ 30. Kh2 Bd7 31. Rd4 Rb8 32. Bb3 Be6 33. Nd5+ Bxd5 34.
exd5 Rf1 35. Rc3 Rb7 36. Kg3 Ra7 37. h4 h6 38. f4 gxf4+ 39. Rxf4+ Rxf4 40. Kxf4
h5 41. Re3 Ra1 42. Rc3 Rf1+ 43. Kg3 Kg6 44. Bc4 Nxc4 1/2-1/2

[Event "Open NK"]
[Site "Dieren NED"]
[Date "2011.07.26"]
[Round "7"]
[White "Petrov, Marijan"]
[Black "Vishnu Prasanna. V"]
[Result "1/2-1/2"]
[WhiteTitle "GM"]
[BlackTitle "IM"]
[WhiteElo "2534"]
[BlackElo "2340"]
[WhiteFideId "2901773"]
[BlackFideId "5030692"]
[EventDate "2011.07.19"]

1. e4 e5 2. Nf3 Nc6 3. Bc4 Nf6 4. d3 Be7 5. O-O O-O 6. Re1 d6 7. c3 h6 8. Nbd2
Nh7 9. Nf1 Ng5 10. Ne3 Be6 11. Bb5 Bf6 12. Nxg5 Bxg5 13. d4 Ne7 14. g3 c6 15.
Bf1 Qb6 16. b3 Rad8 17. Bg2 Kh7 18. d5 cxd5 19. exd5 Bc8 20. Nc4 Qc5 21. Ba3 Qc7
22. Nxe5 dxe5 23. d6 Qxc3 24. dxe7 Rxd1 25. exf8=N+ Kg8 26. Raxd1 Bg4 27. Bxb7
Bxd1 28. Rxd1 Qc2 29. Rd7 e4 30. Bd5 Qd1+ 31. Kg2 Qf3+ 1/2-1/2

[Event "Open NK"]
[Site "Dieren NED"]
[Date "2011.07.26"]
[Round "7"]
[White "Hendriks, Willy"]
[Black "Beukema, Stefan"]
[Result "1-0"]
[WhiteTitle "IM"]
[WhiteElo "2415"]
[BlackElo "2209"]
[WhiteFideId "1000713"]
[BlackFideId "1024523"]
[EventDate "2011.07.19"]

1. e4 e5 2. Nf3 Nc6 3. Bc4 Bc5 4. c3 Nf6 5. d3 a6 6. Nbd2 d6 7. Bb3 Be6 8. O-O
h6 9. Re1 Ba7 10. Nf1 Qd7 11. Ng3 g5 12. d4 Bg4 13. Be3 Nh5 14. dxe5 Bxe3 15.
Rxe3 Nxg3 16. hxg3 Nxe5 17. Nxe5 dxe5 18. f3 Be6 19. Rd3 Qe7 20. Bxe6 Qxe6 21.
Qa4+ b5 22. Qa5 Rc8 23. Rad1 h5 24. a4 Qc6 1-0

[Event "Open NK"]
[Site "Dieren NED"]
[Date "2011.07.26"]
[Round "7"]
[White "Van Der Poel, Henk"]
[Black "Turova, Irina"]
[Result "1/2-1/2"]
[WhiteTitle "FM"]
[BlackTitle "IM"]
[WhiteElo "2292"]
[BlackElo "2413"]
[WhiteFideId "1002449"]
[BlackFideId "4120876"]
[EventDate "2011.07.19"]

1. e4 e5 2. Nf3 Nc6 3. d4 exd4 4. Nxd4 Nf6 5. Nxc6 bxc6 6. e5 Qe7 7. Qe2 Nd5 8.
c4 Ba6 9. b3 g6 10. f4 Bg7 11. Qf2 Nb6 12. Ba3 Qe6 13. Nd2 d6 14. O-O-O O-O 15.
Ne4 c5 16. Ng5 Qe7 17. Bd3 Nd7 18. exd6 cxd6 19. Rhe1 Qd8 20. Bb2 Nf6 1/2-1/2

[Event "Open NK"]
[Site "Dieren NED"]
[Date "2011.07.26"]
[Round "7"]
[White "Wilgenhof, Otto"]
[Black "Odendahl, Reiner"]
[Result "1/2-1/2"]
[BlackTitle "FM"]
[WhiteElo "2210"]
[BlackElo "2375"]
[WhiteFideId "1002589"]
[BlackFideId "4613570"]
[EventDate "2011.07.19"]

1. d4 d6 2. Nf3 Nf6 3. g3 g6 4. Bg2 Bg7 5. O-O O-O 6. c4 c6 7. Nc3 Na6 8. h3 Qb6
9. Qc2 Bf5 10. e4 Nxe4 11. g4 Nxc3 12. gxf5 Nxa2 13. Rxa2 Nb4 14. Qa4 Nxa2 15.
Qxa2 gxf5 16. Qb1 e6 17. d5 Qb3 18. Nd2 Qb4 19. Qd3 cxd5 20. cxd5 Rac8 21. dxe6
fxe6 22. Qe3 Rf6 23. Nb3 Rg6 24. Kh2 Qh4 25. Bd2 Be5+ 26. f4 Bxb2 27. Bxb7 Rc2
28. Rg1 Kg7 29. Rxg6+ hxg6 30. Bg2 e5 31. Qxa7+ Kh6 32. fxe5+ Rxd2 33. Qe3+ Qg5
34. Qxd2 Qxd2 35. Nxd2 dxe5 1/2-1/2

[Event "Open NK"]
[Site "Dieren NED"]
[Date "2011.07.26"]
[Round "7"]
[White "Ly, Moulthun"]
[Black "Lommers, Frank"]
[Result "1-0"]
[WhiteTitle "FM"]
[WhiteElo "2369"]
[BlackElo "2176"]
[WhiteFideId "3204405"]
[BlackFideId "1010107"]
[EventDate "2011.07.19"]

1. e4 e5 2. Nf3 Nc6 3. Bb5 a6 4. Ba4 Nf6 5. d3 d6 6. c3 Bd7 7. Nbd2 g6 8. Nf1
Bg7 9. Ng3 O-O 10. O-O Qe7 11. Re1 Rfe8 12. h3 Nd8 13. Bb3 Qf8 14. d4 Bh6 15.
Ng5 Be6 16. d5 Bd7 17. f4 Qe7 18. Rf1 exf4 19. Bxf4 Ng4 20. Qd2 Ne5 21. Nf3 Bxf4
22. Qxf4 Bb5 23. Rfd1 Nxf3+ 24. Qxf3 Qe5 25. Rd4 b6 26. Nh1 Nb7 27. Nf2 h5 28.
Bc4 Bd7 29. Nd3 Qg7 30. Rf1 Nc5 31. Nf4 Bc8 32. b4 Nd7 33. Qf2 Ne5 34. Be2 a5
35. Bb5 Bd7 36. Bxd7 Nxd7 37. Rc4 axb4 38. Rxc7 Re7 39. cxb4 Qe5 40. Nd3 Qg5 41.
h4 Qg4 42. Ne5 Nxe5 43. Rxe7 Qxe4 44. Qxf7+ Nxf7 45. Rxe4 Ne5 46. Rf6 Rxa2 47.
Rxd6 Ra1+ 48. Kh2 Ng4+ 49. Rxg4 hxg4 50. Rxg6+ Kf7 51. Rxb6 Rd1 52. Kg3 1-0

[Event "Open NK"]
[Site "Dieren NED"]
[Date "2011.07.26"]
[Round "7"]
[White "Zwirs, Nico"]
[Black "Bus, Tom"]
[Result "1-0"]
[WhiteElo "2125"]
[BlackElo "2237"]
[WhiteFideId "1036432"]
[BlackFideId "1014374"]
[EventDate "2011.07.19"]

1. e4 c5 2. Nf3 Nc6 3. d4 cxd4 4. Nxd4 Nf6 5. Nc3 d6 6. Bg5 e6 7. Qd2 a6 8.
O-O-O Bd7 9. f4 h6 10. Bxf6 Qxf6 11. Nxc6 Bxc6 12. Be2 Qd8 13. Kb1 Be7 14. g4
Qa5 15. h4 Bf6 16. Rh3 O-O-O 17. Qe1 Kb8 18. Rhd3 g5 19. fxg5 hxg5 20. Qf2 Rh6
21. h5 Qe5 22. Rf3 Bxe4 23. Re3 d5 24. Bf3 Rhh8 25. Bxe4 dxe4 26. Rf1 Rh6 27.
Qe2 Rd7 28. Rxe4 Qc7 29. Rc4 Qd8 30. a3 Rd2 31. Qe4 Bxc3 32. Rxc3 Rd1+ 33. Rxd1
Qxd1+ 34. Ka2 Qd6 35. Rb3 Qc7 36. Qa4 e5 37. Qe8+ Ka7 38. Rc3 Qd6 39. Qxf7 Rf6
40. Qg7 Qe6+ 41. Rb3 Rf7 42. Qxg5 a5 43. Qg6 Rf6 44. Qe4 Qf7 45. g5 Rf2 46. Qxe5
a4 47. g6 Qc4 48. h6 axb3+ 49. cxb3 Qc1 50. h7 1-0

[Event "Open NK"]
[Site "Dieren NED"]
[Date "2011.07.26"]
[Round "7"]
[White "Sowray, Peter J"]
[Black "Kampman, Tijmen"]
[Result "1-0"]
[WhiteTitle "FM"]
[WhiteElo "2350"]
[BlackElo "2111"]
[WhiteFideId "400971"]
[BlackFideId "1009079"]
[EventDate "2011.07.19"]

1. e4 e6 2. d4 d5 3. Nc3 Nc6 4. Nf3 Nf6 5. e5 Nd7 6. Ne2 f6 7. exf6 gxf6 8. Ng3
Nb6 9. Be2 Qe7 10. Nh4 Nd8 11. Bh5+ Nf7 12. O-O Bd7 13. Re1 O-O-O 14. Nhf5 Qe8
15. b3 Kb8 16. Bf4 Bc8 17. a4 Qd7 18. a5 Na8 19. Nh4 Bd6 20. Qd2 Rhg8 21. c4 e5
22. Be3 dxc4 23. bxc4 Bf8 24. d5 Nd6 25. Qa2 f5 26. f4 Bh6 27. Qf2 b6 28. axb6
cxb6 29. fxe5 f4 30. Bxf4 Rdf8 31. Ne2 Bxf4 32. Nxf4 Nxc4 33. Qd4 b5 34. Ne6
Nab6 35. Nxf8 Rxf8 36. e6 Qe7 37. Rf1 Rg8 38. Rf7 Qg5 39. Rfxa7 Bb7 40. Bf3 Ne5
41. Qxb6 Nxf3+ 42. Kh1 Qxd5 43. Ra8# 1-0

[Event "Open NK"]
[Site "Dieren NED"]
[Date "2011.07.26"]
[Round "7"]
[White "Partenheimer, Axel"]
[Black "Van Foreest, Jorden"]
[Result "1/2-1/2"]
[WhiteElo "2206"]
[BlackElo "2097"]
[WhiteFideId "4646703"]
[BlackFideId "1039784"]
[EventDate "2011.07.19"]

1. Nf3 Nf6 2. g3 b6 3. c4 Bb7 4. Bg2 e6 5. O-O Be7 6. Nc3 O-O 7. d4 c5 8. d5 d6
9. e4 e5 10. Ne1 Nbd7 11. Nd3 Rb8 12. Qe2 Re8 13. a4 Bf8 14. Bd2 a6 15. Bh3 g6
16. Bg5 Bg7 17. f3 Bc8 18. Qd2 Nf8 19. Bxc8 Qxc8 20. Be3 h5 21. Rfc1 a5 22. Nb5
Rd8 23. Na7 Qd7 24. Nc6 Kh7 25. Nxb8 Rxb8 26. b3 Re8 27. Rf1 Qc8 28. Rae1 Re7
29. Nf2 Qe8 30. Nh3 Kg8 31. Nf2 N8h7 32. Nd1 Qd7 33. Nc3 Qe8 34. Nb5 Qd7 35. Qg2
h4 36. Kh1 Nh5 37. Bc1 Bf6 38. f4 hxg3 39. hxg3 Qg4 40. Kh2 exf4 41. gxf4 Qd7
42. Qh3 Qd8 43. Rg1 Kh8 44. Rg2 Re8 45. Rge2 Bh4 46. Rg1 Bf6 47. Kh1 Bg7 48.
Rge1 Bh6 49. Qg4 N7f6 50. Qf3 Nh7 51. Rh2 Bg7 52. Ree2 Kg8 53. Rxh5 gxh5 54.
Qxh5 Nf6 55. Qf5 Nh7 56. Rh2 Nf8 57. Bd2 Qe7 58. Bc3 Ng6 59. Bxg7 Kxg7 60. Nc3
Rh8 61. Rxh8 Kxh8 62. Qg5 Qf8 1/2-1/2

[Event "Open NK"]
[Site "Dieren NED"]
[Date "2011.07.26"]
[Round "7"]
[White "Hachijan, Armen"]
[Black "Smagin, Nikita"]
[Result "1/2-1/2"]
[WhiteElo "2165"]
[BlackElo "1977"]
[WhiteFideId "1028081"]
[BlackFideId "24149039"]
[EventDate "2011.07.19"]

1. e4 d6 2. d4 Nf6 3. Nc3 g6 4. Be3 c6 5. h3 b5 6. Bd3 e5 7. dxe5 dxe5 8. Nf3
Nbd7 9. O-O Bb7 10. Ne2 Bg7 11. c4 a6 12. a4 O-O 13. Qc2 b4 14. c5 a5 15. Nd2
Qe7 16. Nc1 Nh5 17. g3 Bc8 18. Kg2 Nb8 19. Nc4 Be6 20. Nd6 Qd7 21. Rh1 f5 22.
Bd2 f4 23. Be2 fxg3 24. fxg3 Na6 25. Be3 Nf6 26. Nb3 Nc7 27. Rad1 Qe7 28. Nd2
Nce8 29. N2c4 Nxd6 30. cxd6 Qe8 31. Nxe5 Bxh3+ 32. Rxh3 Qxe5 33. Bf4 Qxe4+ 34.
Qxe4 Nxe4 35. Bc4+ Kh8 36. Rxh7+ Kxh7 37. Rh1+ Bh6 38. Bxh6 Rf2+ 39. Kg1 Nxg3
40. Rh3 Nh5 41. Kxf2 Kxh6 1/2-1/2

[Event "Open NK"]
[Site "Dieren NED"]
[Date "2011.07.26"]
[Round "7"]
[White "Von Meijenfeldt, Bart"]
[Black "Vereggen, Lars"]
[Result "1/2-1/2"]
[WhiteElo "2154"]
[BlackElo "2036"]
[WhiteFideId "1032259"]
[BlackFideId "1029258"]
[EventDate "2011.07.19"]

1. e4 c5 2. Nc3 e6 3. f4 Ne7 4. Nf3 d5 5. Bb5+ Bd7 6. Qe2 d4 7. Bxd7+ Nxd7 8.
Nd1 Nc6 9. O-O Be7 10. d3 e5 11. Nf2 h5 12. Nh3 Bd6 13. Bd2 Qc7 14. Nh4 Ne7 15.
f5 Nf6 16. Bg5 Nc6 17. c3 O-O-O 18. Nf3 Kb8 19. Rfc1 Qb6 20. Kh1 Rc8 21. Rc2
Rhe8 22. Nd2 Ng4 23. Nf2 Nxf2+ 24. Qxf2 Qc7 25. Rac1 Qd7 26. Nb3 a6 27. Qe2 g6
28. Rf1 Be7 29. Bxe7 Qxe7 30. Qf3 dxc3 31. Rxc3 Nd4 32. Nxd4 cxd4 33. Rcc1 Qg5
34. Rb1 Rc2 35. fxg6 fxg6 36. h3 Ka7 37. Rf2 Rec8 38. Rbf1 Rc1 1/2-1/2

[Event "Open NK"]
[Site "Dieren NED"]
[Date "2011.07.26"]
[Round "7"]
[White "Oudshoorn, Arres"]
[Black "Wroblowski, Oliver"]
[Result "1-0"]
[WhiteElo "2007"]
[BlackElo "2191"]
[WhiteFideId "1036203"]
[BlackFideId "24698679"]
[EventDate "2011.07.19"]

1. e4 b6 2. Nc3 Bb7 3. d4 e6 4. Bd3 g6 5. Be3 Bg7 6. Qd2 Nc6 7. Nce2 Qe7 8. c3
h6 9. h3 Nf6 10. f4 d5 11. e5 Nd7 12. Nf3 Na5 13. b4 Nc4 14. Bxc4 dxc4 15. O-O
b5 16. a4 bxa4 17. Rxa4 Nb6 18. Ra2 Bd5 19. Qc2 O-O 20. Ng3 Rfb8 21. Nd2 Qe8 22.
Rfa1 Rb7 23. Nge4 Nd7 24. Ra5 Bf8 25. Qd1 Be7 26. Qf1 Nb6 27. Nc5 Qc6 28. Kh2
Rbb8 29. g4 f5 30. exf6 Bxf6 31. Rxa7 Rxa7 32. Rxa7 g5 33. Qb1 Kg7 34. Nde4 Rf8
35. b5 Bxe4 36. Qxe4 Qxe4 37. Rxc7+ 1-0

[Event "Open NK"]
[Site "Dieren NED"]
[Date "2011.07.26"]
[Round "7"]
[White "Jonker, Fred"]
[Black "Beerdsen, Thomas"]
[Result "1/2-1/2"]
[WhiteElo "2154"]
[BlackElo "2009"]
[WhiteFideId "1005260"]
[BlackFideId "1030108"]
[EventDate "2011.07.19"]

1. e4 c5 2. c3 d5 3. exd5 Qxd5 4. d4 g6 5. Nf3 Bg7 6. Nbd2 cxd4 7. Bc4 Qd8 8.
Qb3 e6 9. cxd4 Ne7 10. O-O O-O 11. Ne4 Nbc6 12. Bg5 h6 13. Bf6 Qc7 14. Bxg7 Kxg7
15. Qc3 Nd5 16. Bxd5 exd5 17. Nc5 Re8 18. Rfe1 Bf5 19. Ne5 Rac8 20. Rac1 Nxe5
21. dxe5 Kh7 22. Qe3 Qe7 23. f4 b6 24. Nb3 Be4 25. Nd4 Rc5 26. Rc3 Rec8 27. Rec1
Qd7 28. h3 Rxc3 29. Rxc3 Rc5 30. b4 Rc7 31. Qd2 Qc8 32. Rxc7 Qxc7 33. e6 fxe6
34. Nxe6 Qe7 35. Nd4 Qh4 36. Qf2 1/2-1/2

[Event "Open NK"]
[Site "Dieren NED"]
[Date "2011.07.26"]
[Round "7"]
[White "Van Mierlo, Guido"]
[Black "Offringa, Joost"]
[Result "0-1"]
[WhiteElo "2097"]
[BlackElo "2085"]
[WhiteFideId "1032453"]
[BlackFideId "1025880"]
[EventDate "2011.07.19"]

1. e4 e5 2. Bc4 Nf6 3. Nf3 Nc6 4. d3 Bc5 5. O-O d6 6. c3 Bg4 7. Nbd2 Qd7 8. Re1
O-O 9. Bb3 Ne7 10. Nf1 Ng6 11. h3 Be6 12. Bc2 d5 13. exd5 Qxd5 14. b4 Be7 15. d4
Qc6 16. Nxe5 Qxc3 17. Nxg6 hxg6 18. Bg5 Bxb4 19. Re3 Qc6 20. Bxf6 gxf6 21. Rb1
Ba5 22. Ng3 f5 23. Nxf5 Bxf5 24. Bxf5 Bb6 25. Rg3 Qf6 26. Be4 c6 27. Qb3 Kg7 28.
Rd1 Rad8 29. Rf3 Qe6 30. Qxe6 fxe6 31. Rb3 Rf4 32. f3 Rf7 33. Rbd3 Rfd7 34. Kf1
g5 35. Ke2 Kf6 36. Rf1 Rxd4 37. Rxd4 Rxd4 38. Bc2 Ba5 39. Rd1 Rxd1 40. Bxd1 Ke5
41. g3 Kd4 42. Bb3 e5 43. h4 gxh4 44. gxh4 Bd8 45. h5 Bg5 46. Be6 c5 47. Kd1 Kc3
48. a4 b6 49. Bc8 Kb3 50. Bd7 c4 51. Be6 a6 52. Bc8 c3 53. Be6+ Kb2 54. Bf5 b5
55. Bc2 b4 0-1

[Event "Open NK"]
[Site "Dieren NED"]
[Date "2011.07.26"]
[Round "7"]
[White "Viergever, Max"]
[Black "Bakker, Guido"]
[Result "1/2-1/2"]
[WhiteElo "2123"]
[BlackElo "2088"]
[WhiteFideId "1019058"]
[BlackFideId "1027875"]
[EventDate "2011.07.19"]

1. e4 c5 2. c3 g6 3. d4 cxd4 4. cxd4 d5 5. Nc3 dxe4 6. Bc4 Nf6 7. Qb3 e6 8. d5
exd5 9. Nxd5 Nxd5 10. Bxd5 Qe7 11. Qc3 Qb4 12. Bd2 Qxc3 13. Bxc3 Rg8 14. Bxe4
Na6 15. Nf3 Nc5 16. Bc2 Be7 17. O-O-O Bg4 18. Rhe1 Rd8 19. Bf6 Rxd1+ 20. Kxd1
Ne6 21. Be5 Bc5 22. Ke2 Ke7 23. Be4 Bd4 24. Kf1 Bxf3 25. Bxd4 Nxd4 26. Bxf3+ Ne6 1/2-1/2

[Event "Open NK"]
[Site "Dieren NED"]
[Date "2011.07.26"]
[Round "7"]
[White "Vosselman, Jan"]
[Black "Merza, Morris"]
[Result "1/2-1/2"]
[WhiteElo "2112"]
[BlackElo "2145"]
[WhiteFideId "1002422"]
[BlackFideId "1027140"]
[EventDate "2011.07.19"]

1. d4 d5 2. Nf3 Nf6 3. Bf4 c6 4. e3 Qb6 5. b3 Bg4 6. Be2 e6 7. O-O Nbd7 8. h3
Bh5 9. c4 dxc4 10. bxc4 Be7 11. Nc3 Bg6 12. Nh4 Ne4 13. Na4 Qa5 14. Nxg6 hxg6
15. f3 Nd2 16. Rf2 e5 17. Bg3 exd4 18. Bd3 dxe3 19. Re2 Qg5 20. Kh2 Rxh3+ 21.
gxh3 Nxf3+ 22. Kg2 Nh4+ 23. Kh2 Nf3+ 24. Kg2 Nh4+ 25. Kh2 Nf3+ 1/2-1/2

[Event "Open NK"]
[Site "Dieren NED"]
[Date "2011.07.26"]
[Round "7"]
[White "Van Meegen, Ruud"]
[Black "Cox, Jan"]
[Result "1/2-1/2"]
[WhiteElo "1947"]
[BlackElo "1962"]
[WhiteFideId "1034995"]
[BlackFideId "1031384"]
[EventDate "2011.07.19"]

1. Nc3 Nf6 2. f4 d5 3. d4 e6 4. Nf3 c5 5. e3 Nc6 6. Be2 Be7 7. O-O O-O 8. Qe1 a6
9. Nd1 Nb4 10. Bd3 c4 11. Bd2 cxd3 12. Bxb4 dxc2 13. Nf2 Bd7 14. Bxe7 Qxe7 15.
Qd2 Rfc8 16. Rfc1 Ne8 17. Ne1 Nd6 18. b3 f6 19. Nxc2 Be8 20. Nb4 Bg6 21. Rxc8+ 1/2-1/2

[Event "Open NK"]
[Site "Dieren NED"]
[Date "2011.07.27"]
[Round "8"]
[White "Turov, Maxim"]
[Black "Vovk, Yuri"]
[Result "1/2-1/2"]
[WhiteTitle "GM"]
[BlackTitle "GM"]
[WhiteElo "2630"]
[BlackElo "2564"]
[WhiteFideId "4120086"]
[BlackFideId "14113171"]
[EventDate "2011.07.19"]

1. d4 Nf6 2. c4 g6 3. Nf3 Bg7 4. g3 O-O 5. Bg2 d6 6. O-O Nbd7 7. Nc3 e5 8. e3 c6
9. a4 a5 10. b3 Re8 11. Ba3 exd4 12. exd4 Nb6 13. Re1 Rxe1+ 14. Qxe1 Bf5 15. Qd2 1/2-1/2

[Event "Open NK"]
[Site "Dieren NED"]
[Date "2011.07.27"]
[Round "8"]
[White "Georgiev, Vladimir"]
[Black "L'Ami, Erwin"]
[Result "1/2-1/2"]
[WhiteTitle "GM"]
[BlackTitle "GM"]
[WhiteElo "2559"]
[BlackElo "2611"]
[WhiteFideId "2903024"]
[BlackFideId "1007998"]
[EventDate "2011.07.19"]

1. d4 Nf6 2. c4 g6 3. Nc3 d5 4. Nf3 Bg7 5. Bg5 Ne4 6. Bh4 Nxc3 7. bxc3 dxc4 8.
Qa4+ c6 9. Qxc4 Qa5 10. e3 Be6 11. Qb4 Qxb4 12. cxb4 Nd7 13. a3 Bd5 14. Be2 e5
15. O-O O-O 16. dxe5 Nxe5 17. Nd4 a5 18. Rac1 Rfc8 19. Rfd1 axb4 20. axb4 Ra4
21. f4 Nd7 22. Bg4 f5 23. Nxf5 gxf5 24. Bxf5 Rca8 25. e4 Bxe4 26. Bxe4 Rxb4 27.
Bxh7+ Kxh7 28. Rxd7 Rxf4 29. Bg3 Rb4 30. Be5 Rg8 31. Rf1 Kg6 32. Rd6+ Kh5 33.
Bxg7 Rxg7 34. h3 Rb2 35. Rf2 Rxf2 36. Kxf2 1/2-1/2